| 000 | 00576nam a2200205 a 4500 | ||
|---|---|---|---|
| 001 | 1028 | ||
| 003 | CDMR | ||
| 005 | 20131018163221.0 | ||
| 008 | 130130s1981||||||||||||||||||||||||||||d | ||
| 020 | _a8475160182 | ||
| 040 |
_aCDMR _bcat _cCDMR |
||
| 100 | 1 |
_aMartín Aguado, José Antonio _9810 |
|
| 245 | 1 | 3 |
_aEl periódico y sus fundamentos tecnológicos _cJosé A. Martín Aguado |
| 260 |
_aMadrid _c1981 _bLatina |
||
| 300 | _a238 p. | ||
| 490 | _aLatina Universitaria | ||
| 650 | 0 | 4 |
_92796 _aImpremta |
| 650 | 0 | 4 |
_94141 _aPremsa _xInnovacions tecnològiques |
| 942 |
_cMON _2udc |
||
| 999 |
_c1028 _d1028 |
||